Statistics for Fnaf SB Charecters

Click here to take the quiz!

General Stats

  • This quiz has been taken 49 times
  • The average score is 11 of 17

Answer Stats

Answer% Correct
Glamrock Freddy
100%
Glamrock Chica
97%
Roxanne Wolf
91%
Vanny
88%
Montgomery Gator
85%
Moon
79%
Sun
79%
Vanessa
79%
Gregory
76%
Burntrap
74%
Glamrock Bonnie
68%
The Blob
65%
Glamrock Mr Hippo
29%
Nightmarionne S.T.A.F.F Bots
26%
S.T.A.F.F. Bots
26%
Map Bots
12%
Glamrock Endoskleton
0%

Score Distribution

Percentile by Number Answered

Percent of People with Each Score

Your Score History

You have not taken this quiz